| 000 | 00593nam a2200193 a 4500 | ||
|---|---|---|---|
| 020 |
_a0370304896 : _c£34.95 |
||
| 082 | 0 | 0 |
_a915.491045 _bAMI |
| 100 | 1 |
_aAmin, Mohamed, _d1943- |
|
| 245 | 1 | 0 |
_aJourney through Pakistan / _cMohamed Amin, Duncan Willetts, Graham Hancock. |
| 260 |
_aLondon : _bBodley Head, _c1982. |
||
| 300 |
_a254 p. : _bcol. ill. ; _c32 cm. |
||
| 563 | _aHBK. | ||
| 700 | 1 |
_aWilletts, Duncan. _95463 |
|
| 700 | 1 |
_aHancock, Graham. _95464 |
|
| 942 |
_2ddc _cBK |
||
| 999 |
_c590311 _d590311 |
||